000 00690nam a2200229 a 4500
005 20230419063707.0
008 010524s1992 r 000 0 eng d
020 _a8486168740
035 _aUPN01000106792
049 _aC
050 4 _aPQ6044.8
_bD5.2
245 0 0 _aDiccionario de traductores /
_ccoord. de Esther Benítez
260 _aMadrid :
_bFundación Germán Sánchez Ruipérez :
_bPirámide,
_c1992.
300 _a284 p.
440 0 _aBiblioteca del libro ;
_v50
650 7 _aTraducción e interpretación
_2
_913974
650 4 _aTRADUCTORES ESPAÑOLES -
_xDICCIONARIOS.
700 1 _aBenítez, Esther,
_ecomp.
901 _a180947
902 _aMEEG/mema
905 _aLibro
999 _c80704
_d80704